000 00858nam a2200241Ia 4500
001 18687
003 GE_BSU
008 181216s||||||||xx |||||||||||||| ||und||
040 _cGE_BSU
080 _a621.3
100 _aБерезкина, Т.Ф. Гусев, Н.Г. Масленников, В.В.
245 _aЗадачник по общей элетротехнике с основами электроники
245 _cРед. О.А. Орехова
250 _aИзд. 2-е перер. идоп
260 _aМосква
260 _bВысшая школа
260 _c1991
300 _a384стр.20см.
300 _cБибл. стр.379
653 _aЗадачник по общей элетротехнике с основами электроники
653 _aელექტროტექნიკა
942 _cBK
999 _c51696
_d51696